Roman Catholic Terminology - Statistics

General Stats
  • This quiz has been taken 822 times
  • The average score is 13 of 20
Answer Stats
Clue Answer % Correct
High-ranked priest who helps choose the Pope Cardinal
92%
Temporary repose of those souls not yet worthy of Heaven Purgatory
92%
Prayer of meditation, said while holding a chaplet of beads Rosary
92%
The worship service that culminates in Holy Communion Mass
91%
Another word for Holy Communion Eucharist
89%
A cross that depicts the Body of Christ Crucifix
87%
The seven holiest rites of the Church Sacraments
82%
A group of individual parishes, headed by a bishop Diocese
80%
Expulsion of a sinner from participating in Holy Communion Excommunication
72%
The changing of the bread and wine to the Body and Blood on the plate Transubstantiation
68%
Reversal of a marriage (required for Catholics to re-marry) Annulment
66%
Elevation by the Pope of a dead person to sainthood Canonization
59%
The summary of the Church's teachings and beliefs Catechism
53%
The meeting in which the Pope is selected Conclave
51%
The verbal expression of the Church's beliefs Creed
51%
When a priest is stripped of his clerical duties Defrocking
37%
An honorary title given by the Pope to certain parish priests Monsignor
36%
Evening prayer liturgy, at which no Holy Communion is given Vespers
36%
Ambassador from the Vatican to another country Apostolic Nuncio
32%
Official Church permission to publish a book Imprimatur
17%
No matching quizzes found
Score Distribution
Percent of People with Each Score
Percentile by Number Answered
Your Score History
You have not taken this quiz